000 00950nam a2200229Ia 4500
999 _c37865
_d37865
001 3843
003 GE_BSU
005 20190819164146.0
008 181216s1990||||ge |||||||||||||| ||geo||
040 _cGE_BSU
041 _ageo
080 _a398 გ–69
100 _aგორგოშაძე, მურმან
_93677
245 _aტრადიციების არსი, ფუნქციები, მომავალი /
_cრედ. ზ. ფირცხალაიშვილი.
264 _a ბათუმი :
_bსაბჭ. აჭარა,
_c1990.
300 _a65 გვ. ;
_b17 სმ.
504 _a ბიბლიოგრ.: გვ. 63-65
653 _aქართველების ეთნოგრაფია
653 _aქართული ტრადიციები
700 _aფირცხალაიშვილი, ზ.
_eრედაქტორი
_93678
942 _cBK
_2udc